| 000 | 00614cab a2200193 4500 | ||
|---|---|---|---|
| 001 | ABS39055 | ||
| 008 | 090401t1988 xxu||||| |||| 00| 0 eng d | ||
| 035 | _a(Sirsi) u14096 | ||
| 041 | _aeng | ||
| 100 | _aNewman, W. | ||
| 245 | _aImage of agriculture | ||
| 260 | _c1988 | ||
| 350 | _a0 | ||
| 490 |
_aFarm Management _v6(9) Spring 1988, 359-361(2) |
||
| 520 | _aA MORI survey into the image of agriculture concluded that the image is good and will continue to improve up to and after the ` Celebration of British Food and Farming ` in 1989. | ||
| 690 | _aRURAL PRACTICE | ||
| 942 | _n0 | ||
| 948 | _c04/03/1997 | ||
| 999 |
_c9144 _d9144 |
||